| 000 | 01393naa a22003737a 4500 | ||
|---|---|---|---|
| 001 | BR8900642 | ||
| 003 | BR-BrBNA | ||
| 005 | 20240918180423.0 | ||
| 007 | ta | ||
| 008 | 230509b bl.||||| |||| 00| 0 por d | ||
| 040 |
_aBR-BrBNA _bpor _cBiblioteca Nacional de Agricultura |
||
| 041 | _a(Pt) | ||
| 072 |
_aF04; F08 _b1440 _b1580 _b1930 _b3850 |
||
| 090 | _aF04 BR8900642 | ||
| 100 | 1 | _aLima, J.M.P. de | |
| 100 | 1 | _aOliveira, J.F. de | |
| 100 | 1 | _aHolanda, J.S. de | |
| 100 | 1 | _aLeonel Neto, M. | |
| 100 | 1 | _aLira, M.A. | |
| 111 | 1 |
_aSeminario de Tecnologia Agropecuaria Inovadora para o Nordeste _cFortaleza, CE (Brazil) _d7-11 Apr 1986 |
|
| 245 | 1 | _aArranjos de culturas e adubacao organica no consorcio feijao caupi x batata-doce x capim-elefante em leitos de rio | |
| 260 | 3 |
_aFortaleza, CE (Brasil): _c1986. |
|
| 500 | _aAnais do Seminario de Tecnologia Agropecuaria Inovadora para o Nordeste Fortaleza, CE (Brasil): 1986. p. 275-278 (BR8900642-AM)F04 | ||
| 650 | _aFEIJAO DE CORDA | ||
| 650 | _aBATATA DOCE | ||
| 650 | _aCAPIM ELEFANTE | ||
| 650 | _aCONSORCIACAO DE CULTURA | ||
| 650 | _aADUBO ORGANICO | ||
| 650 | _aADUBACAO | ||
| 650 | _aRENDIMENTO | ||
| 773 | 0 |
_tAnais do Seminario de Tecnologia Agropecuaria Inovadora para o Nordeste _wF04 BR8900642 _gFortaleza, CE (Brasil), 1986. p. 275-278 |
|
| 909 |
_a202404 _bLucia _c55 _dLucia Elande |
||
| 942 |
_cAM _2AGRIS |
||
| 999 |
_c320279 _d320279 |
||